000 00602nam a22001697a 4500
005 20240122124136.0
008 231110b |||||||| |||| 00| 0 eng d
020 _a0621113581
041 _aAfrikaans / English
082 _a346.1 SOU
100 _lAfrikaans
245 _aSuid-Afrikaanse Regskommissie :
_bVerslag oor die ondersoek na die moontlikheid om voorsiening te maak dat 'n geskiede vrou in die pensioenvoordele van haar voormalige gade kan deel
260 _c1986
300 _bxi, 78 pages ;
_c26 cm.
650 _aLegal practice
_bLaw
942 _cBK
_6ALISON_BN_VRIES
999 _c502
_d502